| 000 | 00814nam a22002417a 4500 | ||
|---|---|---|---|
| 005 | 20170124105919.0 | ||
| 010 | _aA-705472 | ||
| 020 |
_c00.00 _a8121003180 |
||
| 035 | _aA-705472 | ||
| 037 | _bCen Lib/Ret | ||
| 040 |
_aDPL _bEN |
||
| 082 |
_a307.772 _bPAT |
||
| 100 |
_aPatel,M.L. _93636 |
||
| 245 |
_aTribal Research in India : _cby M.L.Patel _bapproach,constraints,structure and techniques / |
||
| 260 |
_aNew Delhi _bInter-India Publications _c1994 |
||
| 270 |
_aD-17,Raja Garden _bNew Delhi _e110015 |
||
| 300 |
_a295p. _c21cm(Hb) |
||
| 490 |
_aTribal studies of India series _v163 |
||
| 500 | _aIncludes bibliographical reference and index | ||
| 650 |
_aTribes-Research -India _973300 |
||
| 650 |
_aIndia -- Scheduled tribes -- Research. _973301 |
||
| 942 |
_2ddc _cEN _h307.772 _mPAT |
||
| 999 |
_c123012 _d123012 |
||